| 000 | 00465nam a2200181Ia 4500 | ||
|---|---|---|---|
| 003 | GCL | ||
| 008 | 140319s9999 xx 000 0 eng d | ||
| 040 |
_aGCL / _cGCL |
||
| 082 | 0 | 4 |
_a746.7 _bT C |
| 100 | 1 | _aTHOMPSON, JON | |
| 245 | 1 | 0 |
_aCARPETS: FROM THE TENS, COTTAGES AND WORKSHOPS OF ASIA / _cTHOMPSON, JON |
| 260 |
_a[S.N] : _bLAURENCE KING ، _c1993 |
||
| 300 | _a176 | ||
| 650 | 0 | 4 | _aASIA |
| 650 | 0 | 4 | _aCARPETS |
| 650 | 0 | 4 | _aTEXTILE ART |
| 942 |
_2ddc _cBK |
||
| 999 |
_c25046 _d25046 |
||